¿Para qué sirve la televisión? (Record no. 79571)

MARC details
000 -CABECERA
campo de control de longitud fija 00494nam a2200193 a 4500
005 - FECHA Y HORA DE LA ÚLTIMA TRANSACCIÓN
campo de control 20210219153537.0
008 - ELEMENTOS DE LONGITUD FIJA--INFORMACIÓN GENERAL
campo de control de longitud fija 991125n 000 0 u
035 ## - NÚMERO DE CONTROL DEL SISTEMA
Número de control de sistema UPN01000105630
222 ## - TÍTULO CLAVE
Título clave COMUNICACION EDUCATIVA
245 ## - MENCIÓN DE TÍTULO
Título ¿Para qué sirve la televisión?
300 ## - DESCRIPCIÓN FÍSICA
Extensión 2
362 ## - FECHAS DE PUBLICACIÓN Y/O DESIGNACIÓN SECUENCIAL
Fecha de publicación y/o designación secuencial 1981 Año 2, no. 11, sept.
653 0# - TERMINO DE INDIZACION - NO CONTROLADO
Término no controlado ILCE
653 0# - TERMINO DE INDIZACION - NO CONTROLADO
Término no controlado POLITICA EDUCATIVA
653 0# - TERMINO DE INDIZACION - NO CONTROLADO
Término no controlado TELESECUNDARIA
653 0# - TERMINO DE INDIZACION - NO CONTROLADO
Término no controlado TELEVISION EDUCATIVA
904 ## - ELEMENTOS DE DATOS D LOCAL, LDD (RLIN)
a AC
b 043441
905 ## - TIPO DE MATERIAL
Tipo de material Articulo

No items available.